000 01663cam a2200157 4500500
005 20260208005733.0
041 _afre
042 _adc
100 1 0 _aCormier, Jacques
_eauthor
245 0 0 _aDIDEROT, Choix d’articles de l’Encyclopédie. Édition par MARIE LECA-TSIOMIS. Paris, Éditions du CTHS, 2001, coll. « Format », 44. Un vol. 11,3 × 18,5 de de 628 p. ISBN 27355-0486-7.
260 _c2003.
500 _a57
520 _aLa correspondance d’André Rolland de Renéville avec Saint-Pol-Roux partiellement publiée dans le premier numéro du Grand Jeu semble s’inscrire dans la filiation des surréalistes qui avaient remis à l’honneur le Mage de Camaret en 1925. Pourtant, cette correspondance se veut avant tout l’expression d’un dépassement du Surréalisme qui, reformulant la figure du poète finistérien, propose implicitement une interprétation nouvelle de ses images et leur donne un sens métaphysique qui témoigne de l’infléchissement ésotériste apporté par Renéville à la doctrine du Grand Jeu. Bien des années plus tard, quand Aragon s’en prend à l’introduction d’Anciennetés que Renéville avait écrite pour les Éditions du Seuil, la guerre et la mort tragique de Saint-Pol-Roux sont venus brouiller les termes du débat, mais les enjeux demeurent les mêmes : derrière le mythe de Saint-Pol-Roux, c’est toujours une conception de la poésie qui s’avance.
786 0 _nRevue d'histoire littéraire de la France | 103 | 2 | 2003-04-01 | p. 463o-508o | 0035-2411
856 4 1 _uhttps://shs.cairn.info/revue-d-histoire-litteraire-de-la-france-2003-2-page-463o?lang=fr&redirect-ssocas=7080
999 _c1653510
_d1653510